000 00615nam a22001935i 4500
001 166347
003 ES-MaACL
005 20230906213319.0
008 050914s1884 fr | |||||||| ||fre d
040 _aCAM
_bspa
_cCAM
100 1 _aTissot, Victor.
_9110345
245 1 3 _aLa police secrète prussienne /
_cVictor Tissot.
250 _a6e éd.
260 _aParis :
_bE. Dentu éditeur,
_c1884 (
_fSoc. d'imp. Paul Dupont)
300 _a436 p. ;
_c19 cm.
651 0 4 _aAlemania-
_xHistoria-
_yS. XIX.
_97665
752 _aFrancia -
_dHistoria
852 _aES-MaACL
_jD-2700
_z-- Rust.
_z-- Legado M. de la Fuente
999 _c166347
_d166347